Russia and history's turning point / (Record no. 13018)
[ view plain ]
| 000 -LEADER | |
|---|---|
| fixed length control field | 00983cam a22002891i 4500 |
| 003 - CONTROL NUMBER IDENTIFIER | |
| control field | EG-ScBUE |
| 005 - DATE AND TIME OF LATEST TRANSACTION | |
| control field | 20240605092850.0 |
| 008 - FIXED-LENGTH DATA ELEMENTS--GENERAL INFORMATION | |
| fixed length control field | 720209t1965 nyuac f 001 0deng d |
| 035 ## - SYSTEM CONTROL NUMBER | |
| System control number | (OCoLC)237312 |
| 040 ## - CATALOGING SOURCE | |
| Original cataloging agency | DLC |
| Language of cataloging | eng |
| Description conventions | rda |
| Transcribing agency | OUrC |
| Modifying agency | OCoLC |
| -- | DLC |
| -- | EG-ScBUE |
| 043 ## - GEOGRAPHIC AREA CODE | |
| Geographic area code | e-ur--- |
| 082 04 - DEWEY DECIMAL CLASSIFICATION NUMBER | |
| Classification number | 947.0841 |
| Edition number | 22 |
| Item number | KER |
| 100 1# - MAIN ENTRY--PERSONAL NAME | |
| Personal name | Kerensky, Aleksandr Fyodorovich, |
| Dates associated with a name | 1881-1970, |
| Relator term | author. |
| 9 (RLIN) | 9812 |
| 245 10 - TITLE STATEMENT | |
| Title | Russia and history's turning point / |
| Statement of responsibility, etc | by Alexander Kerensky. |
| 264 #1 - PUBLICATION, DISTRIBUTION, ETC. (IMPRINT) | |
| Place of publication, distribution, etc | New York : |
| Name of publisher, distributor, etc | Duell, Sloan and Pearce, |
| Date of publication, distribution, etc | [1965] |
| 264 #4 - PUBLICATION, DISTRIBUTION, ETC. (IMPRINT) | |
| Date of publication, distribution, etc | c1965 |
| 300 ## - PHYSICAL DESCRIPTION | |
| Extent | xvi, 558 pages : |
| Other physical details | illustrations, portraits ; |
| Dimensions | 24 cm |
| 336 ## - CONTENT TYPE | |
| Source | rdacontent |
| Content type term | text |
| Content type code | txt |
| 337 ## - MEDIA TYPE | |
| Media type term | unmediated |
| Source | rdamedia |
| Media type code | n |
| 338 ## - CARRIER TYPE | |
| Carrier type term | volume |
| Carrier type code | nc |
| Source | rdacarrier |
| 500 ## - GENERAL NOTE | |
| General note | Includes index. |
| 651 #7 - SUBJECT ADDED ENTRY--GEOGRAPHIC NAME | |
| Geographic name | Soviet Union |
| General subdivision | History |
| Chronological subdivision | Revolution, 1917-1921. |
| Source of heading or term | BUEsh |
| 9 (RLIN) | 9813 |
| 651 #7 - SUBJECT ADDED ENTRY--GEOGRAPHIC NAME | |
| Geographic name | Soviet Union |
| General subdivision | History. |
| Source of heading or term | BUEsh |
| 9 (RLIN) | 9814 |
| 655 ## - INDEX TERM--GENRE/FORM | |
| Form subdivision | Reading book |
| 942 ## - ADDED ENTRY ELEMENTS (KOHA) | |
| Source of classification or shelving scheme | Dewey Decimal Classification |
| Koha item type | Book - Borrowing |
| Withdrawn status | Lost status | Source of classification or shelving scheme | Damaged status | Not for loan | Collection code | Home library | Current library | Shelving location | Date acquired | Source of acquisition | Total Checkouts | Full call number | Barcode | Date last seen | Price effective from | Koha item type |
|---|---|---|---|---|---|---|---|---|---|---|---|---|---|---|---|---|
| Dewey Decimal Classification | Donation-Gift | Central Library | Central Library | Second Floor | 09/12/2009 | Donation | 947.0841 KER | 000018782 | 15/07/2025 | 09/12/2009 | Book - Borrowing |